Нормален изглед
MARC изглед
- Райчевски, Стоян Чилов
Вход 01. Лично име
001 - Контролен номер на записа
- Контролно поле: 246266
003 - Код на организацията, даваща контролен номер
- Контролно поле: BLK
005 - Дата и час на последна промяна на записа
- Контролно поле: 20240606103038.0
008 - Данни с фиксирана дължина – обща информация
- Данни с фиксирана дължина : 180420|| aca||aabn | a|a d
100 ## - ИМЕ НА ЛИЦЕ -ПЪРВИЧНА ИНТЕЛЕКТУАЛНА ОТГОВОРНОСТ
- Лично име: Райчевски, Стоян Чилов
- Дати, свързани с автора: 1944 -
- Друга информация: Филолог, немска и българска филология. Историк.
942 ## - Системна служебна употреба
- Koha auth type: PERSO_NAME